00892nam a2200241Ia 4500001000900000003000500009005001700014008004100031010001100072040000900083082002100092100002100113245008500134250001300219260014200232300001300374440003500387500006300422504002900485650004400514650003400558710005800592dia_6344CHAP20240208135714.0220117s1995 xx 000 0 und d a177824 cCHAP a530.812 T39 1995 aTaylor, Barry N. aGuide for the use of the International System of Units (SI) /c Barry N. Taylor a1995 ed. aEstados Unidos de América :b U.S. Dept. of Commerce. Technology Administration. National Institute of Standards and Technology,c1995 ax, 74 p. aNIST special publication ; 811 a"Supersedes NIST special publication 811, September 1991." aBibliografía: p. 72-74 aMetric systemxHandbooks, manuals, etc. aSistema métricoxManuales  aNational Institute of Standards and Technology (U.S.)